Statistics for South Park Trivia

Click here to take the quiz!

General Stats

  • This quiz has been taken 2,089 times
    (2,053 since last reset)
  • The average score is 14 of 22

Answer Stats

HintAnswer% Correct
What colour hair does Kenny have?Blonde
90%
In which state is South Park?Colorado
89%
Who does the biggest crapRandy
86%
Who is Professor Chaos?Butters
84%
Mr...the christmas pooHankey
84%
What is the name of the Black chef character?Chef
83%
Make love not...Warcraft
83%
Who was possibly born with a dad from the Denver Broncos?Cartman
80%
What does Kenny throw into Butters eye when pretending to be a ninja?Shuriken
74%
Your breaking my .....balls
71%
What is the name of Cartmans cat?Kitty
71%
What State is Kyles mom from?New Jersey
64%
What do you snort when cheesing?Cat wee
59%
What do you mix with brine shrimp to get sea people?Semen
58%
Who does Cartman buy pubes off?Scott Tenorman
53%
For which object does Cartman freeze himself?Wii
53%
What do you call a ginger without freckles and pale skin?Day walker
49%
What's the disease which gives you ginger hair and freckles?Gingervitus
47%
What does Cartman have to prove exists, to get Kyle to suck his balls?Leprechaun
47%
In imaginationland who attacks everyones imagination?Terrorists
37%
Who is the crazy bus driver lady?Miss Crabtree
33%
What unit of measurement is used to measure Randy's poo?Kuriks
18%

Score Distribution

Percentile by Number Answered

Percent of People with Each Score

Your Score History

You have not taken this quiz since the last reset